Detalles MARC
| 000 -ENCABEZADO |
| Número de control [NR] |
02800nam a22002897a 4500 |
| 005 - FECHA Y HORA DE LA ÚLTIMA TRANSACCIÓN |
| control field |
20160412145523.0 |
| 008 - DE LONGITUD FIJA DE DATOS DE ELEMENTOS - INFORMACIÓN GENERAL |
| Elementos de longitud fija [NR] |
160411k19091913fr |||fr|||| 001 0dfre d |
| 040 ## - FUENTE DE CATALOGACION [NR] |
| Agencia de catalogación original [NR] |
CO-BoUCM |
| Idioma de catalogación [NR] |
spa |
| Quien Cataloga |
Sandra Yazo |
| Quien Clasifica |
Sandra Yazo |
| 041 0# - CODIGO DE IDIOMA [R] |
| Código de idioma para texto/pista de sonido o título separado [R] |
Francés |
| 082 04 - NUMERO DE CLASIFICACION DECIMAL DEWEY [R] |
| Número de la edición [NR] |
20 |
| Número de clasificación [R] |
843.32 |
| 092 ## - SIGNATURA TOPOGRAFICA LOCAL |
| Número de clasificación local |
E39N027 |
| 100 1# - ASIENTO PRINCIPAL--NOMBRE PERSONAL [NR] |
| Nombre personal [NR] |
Strowski, Fortunat |
| Títulos u otras palabras asociadas al nombre [R] |
1866-1952 |
| ID Autoridad |
76566 |
| 242 00 - TRADUCCION DEL TITULO POR LA AGENCIA CATALOGADORA [R] |
| Título [NR] |
Pascal y su tiempo |
| Mención de responsabilidad, etc. [NR] |
por Fortunato Strowsky |
| Nombre de la parte o sección [R] |
Parte Primera: de Montaigne a Pascal. |
| -- |
Parte Segunda. La historia de Pascal. |
| -- |
Parte Tercera. Las Provinciales y los Pensamientos. |
| Código de idioma del título traducido [NR] |
spa |
| 245 10 - MENCION DE TITULO [NR] |
| Título [NR] |
Pascal et son temps |
| Mención de responsabilidad, etc. [NR] |
par Fortunat Strowsky |
| Nombre de la parte/sección de la obra [R] |
Première Partie. De Montaigne à Pascal |
| -- |
Deuxième Partie. L’ histoire de Pascal. |
| -- |
Troisième Partie. Les Provinciales et les Pensées. |
| 250 ## - MENCION DE EDICION [NR] |
| Mención de edición [NR] |
Quatrième édition [Cuarta edición] |
| Resto de la mención de edición [NR] |
revue et corrigée [revisada y corregida] |
| 260 ## - PUBLICACION, DISTRIBUCION, ETC. (PIE DE IMPRENTA) [R] |
| Lugar de publicación, distribución, etc. [R] |
París (Francia) |
| Nombre del editor, distribuidor, etc. [R] |
Plon-Nourrit et Cie [Plon-Nourrit y Compañía] |
| Fecha de publicación, distribución, etc. [R] |
1909-1913 |
| 300 ## - DESCRIPCION FISICA [R] |
| Extensión [R] |
286 ; 407 ; 430 páginas |
| Dimensiones [R] |
18 x 12 cm |
| 490 #0 - MENCION DE SERIE [R] |
| Mención de serie [R] |
Histoire du sentiment religieux en France au XVIIe siècle [Historia del sentimiento religioso en Francia en el siglo XVII] |
| 500 ## - NOTA GENERAL [R] |
| Nota general [NR] |
Encuadernación rígida (holandesa) en cartón forrado en cartón forrado en papel. Lomo en cuero con nervaduras y repujados sobre costuras, adornos en dorado y tejuelos. Guardas, simulando papel de agua. Anteportada. Portada impresa en una sola tinta. Texto impreso en una sola columna. Notas de pie de página. Índice en cada uno de los tomos. Cintas para señalar la lectura. Anteportadas con sello de tinta. V.2, en pág. 402 ilustración, V.2 y V.3 indican en portada tercera edición |
| 505 0# - NOTA DE CONTENIDO CON FORMATO PREESTABLECIDO [R] |
| Nota de contenido con formato preestablecido [NR] |
V.1: El sentimiento religioso ; La corriente estoica ; Los libertinos ; Un doble movimiento religioso -- V.2: Vida de Pascal ; De la infancia a la adolescencia ; Rouen ; Las nuevas experiencias ; Pascal y el Padre Noel ; El gran experimento del equilibrio de los líquidos ; La primera conversión ; Mundanidad ; El año 1654 ; Apéndices -- V.3: Pascal en Port-Royal ; Antes de Las Provinciales ; Las primeras Provinciales ; Las Provinciales y los Jesuitas ; Durante los años 1656 y 1657 ; Las últimas Provinciales ; Las Provinciales como obra de arte ; De Las Provinciales a los Pensamientos ; La Apología y los apologistas ; En la búsqueda del método ; Primera parte de la Apología ; Actividad de los últimos años ; Pascal contra Port-Royal ; La última noche de Pascal ; Pensamiento de Pascal |
| 506 ## - NOTA DE RESTRICCIONES DE ACCESO [R] |
| Condiciones de acceso [NR] |
Consulta en sala |
| 586 ## - NOTA DE PREMIOS [R] |
| Nota de premios [NR] |
Couronné par l’ Académie Française, Grand Prix Gobert, 1909 [Premiada por la Academia Francesa con el Gran Premio Gobert de 1909] |
| 600 7# - ASIENTO SECUNDARIO DE MATERIA - NOMBRE PERSONAL [R] |
| Nombre personal [NR] |
Pascal, Blaise |
| Títulos y otras palabras asociadas con el nombre [R] |
1623-1662 |
| 9 (RLIN) |
76567 |
| 650 #7 - ASIENTO SECUNDARIO DE MATERIA - TERMINO TEMATICO [R] |
| 9 (RLIN) |
7794 |
| Término temático o nombre geográfico como elemento de entrada [NR] |
Literatura francesa |
| 690 ## - ASUNTO AGREGADO LOCAL DE ENTRADA - TÉRMINO TEMÁTICO (OCLC, RLIN) |
| Acceso temático local |
Literatura europea |
| 9 (RLIN) |
26524 |
| 942 ## - ELEMENTOS DE ENTRADA AGREGADOS (KOHA) |
| Sistema de clasificación |
LOCAL |
| Tipo de ítem principal el descrito en 300a |
Libro |
| Edición |
1 |
| Clasificación |
E39N027 |